000
00204 a2200097 4500
001
28329
100
_a
Baker,
245
_a
Modern Physics and Antiphysics
260
_a
_b
Wesley
_c
090
_c
18938
_d
18938
942
_a
NUST-CAE
_c
M
_c
9933
999
_c
263402
_d
263402